| 000 | 01018nam a22002297a 4500 | ||
|---|---|---|---|
| 999 |
_c161481 _d161481 |
||
| 005 | 20190918110402.0 | ||
| 010 | _a1819CHEN B-720566-586 | ||
| 020 |
_a9789384930646 _c495.00 |
||
| 035 | _aB-720566-586 | ||
| 035 | _aB-730053 | ||
| 037 | _bEducation Gallery | ||
| 082 | _a500 | ||
| 100 | _aSharma,Roshi | ||
| 245 |
_aPlease tell me the answer / _bearth, invention and discoveries _cby Roshi Sharma |
||
| 260 |
_aDelhi _bEducation Gallery _c2018 |
||
| 270 |
_a26/25, Block-26, Gali No.12, Vishwas Nagar, Shahdara _bDelhi _e110032 |
||
| 300 |
_a198p.: _bill. _c22cm(Hb) |
||
| 500 | _aAirport | ||
| 942 |
_2ddc _cCH _mSHA _h500 |
||